[Event "Arab Cities"]
[Site "Hammamet"]
[Date "2019.02.22"]
[Round "2.1"]
[White "Fawzy, Adham"]
[Black "Belouadah, Saad"]
[Result "1-0"]
[WhiteElo "2447"]
[BlackElo "2414"]
[PlyCount "117"]
[EventDate "2019.02.21"]
[EventType "team-swiss"]
[EventRounds "7"]
[EventCountry "TUN"]
[SourceTitle "CBM 189 Extra"]
[Source "ChessBase"]
[SourceDate "2019.06.03"]
[SourceVersion "1"]
[SourceVersionDate "2019.06.03"]
[SourceQuality "1"]
[WhiteTeam "Cairo"]
[BlackTeam "Alger"]
[WhiteTeamCountry "EGY"]
[BlackTeamCountry "ALG"]

1. e4 e5 2. Nf3 Nc6 3. Bb5 Nf6 4. 0-0 Nxe4 5. Re1 Nd6 6. Nxe5 Nxe5 7. Rxe5+ Be7 8. Bf1 0-0 9. d4 Bf6 10. Re2 Nf5 11. c3 d5 12. Bf4 Nd6 13. Nd2 Bg4 14. f3 Be6 15. Qb3 b6 16. Rae1 Re8 17. Be5 c5 18. Bxf6 Qxf6 19. dxc5 bxc5 20. Qa3 Rec8 21. Qa6 Rd8 22. Nb3 d4 23. Re5 Bxb3 24. axb3 dxc3 25. bxc3 Rdc8 26. Bc4 h5 27. Bd5 Rab8 28. Qxa7 g6 29. Qe7 Kg7 30. Re6 Qxe7 31. Rxe7 Kf6 32. Kf2 Re8 33. Rxe8 Nxe8 34. h4 Nd6 35. g4 hxg4 36. fxg4 Rh8 37. Kg3 Rd8 38. Kf4 Nb5 39. c4 Nc7 40. g5+ Kg7 41. Rd1 Ne6+ 42. Ke5 Nd4 43. Rf1 Nf5 44. h5 Re8+ 45. Kf4 Ne3 46. h6+ Kg8 47. Ra1 Re7 48. Ra8+ Kh7 49. Rf8 Nf5 50. Bxf7 Nd4 51. Bg8+ Kh8 52. Bd5+ Kh7 53. Rf6 Ne2+ 54. Kg4 Nd4 55. Bf7 Re4+ 56. Kh3 Re3+ 57. Kg2 Re7 58. Bxg6+ Kg8 59. Rb6 1-0

[Event "Bamako zt 4.1 blitz"]
[Site "Bamako"]
[Date "2018.06.24"]
[Round "7.1"]
[White "Belouadah, Saad"]
[Black "Abderrahim Taleb, Mohamed"]
[Result "1-0"]
[WhiteElo "2328"]
[BlackElo "1736"]
[PlyCount "55"]
[EventDate "2018.06.24"]
[EventType "swiss (blitz)"]
[EventCountry "MLI"]
[SourceTitle "EXT 2024"]
[Source "ChessBase"]
[SourceDate "2023.10.10"]
[SourceVersion "1"]
[SourceVersionDate "2023.10.10"]
[SourceQuality "1"]

1. e4 e6 2. d3 d5 3. Nd2 Nc6 4. g3 Nf6 5. Bg2 Bd6 6. f4 dxe4 7. dxe4 Bc5 8. c3 0-0 9. Qe2 e5 10. f5 g6 11. g4 b6 12. Nb3 Be7 13. Bh6 Re8 14. Nd2 Kh8 15. 0-0-0 Bd6 16. h4 a5 17. h5 Ba6 18. Qf3 Ng8 19. hxg6 Nxh6 20. Rxh6 Qg5 21. Rxh7+ Kg8 22. Nh3 Qe7 23. Rxf7 Qh4 24. Rh7 Qf6 25. g5 Qf8 26. Qh5 Re7 27. Rh8+ Kg7 28. Qh6# 1-0

[Event "Bamako zt 4.1"]
[Site "Bamako"]
[Date "2018.06.23"]
[Round "4.1"]
[White "Arab, Adlane"]
[Black "Belouadah, Saad"]
[Result "1/2-1/2"]
[WhiteElo "2482"]
[BlackElo "2410"]
[PlyCount "59"]
[EventDate "2018.06.21"]
[EventType "swiss"]
[EventRounds "9"]
[EventCountry "MLI"]
[SourceTitle "EXT 2019"]
[Source "ChessBase"]
[SourceDate "2018.10.10"]
[SourceVersion "1"]
[SourceVersionDate "2018.10.10"]
[SourceQuality "1"]

1. Nf3 d5 2. d4 Nf6 3. c4 e6 4. Nc3 c5 5. cxd5 exd5 6. g3 Nc6 7. Bg2 Be7 8. 0-0 0-0 9. dxc5 Bxc5 10. Bg5 d4 11. Bxf6 Qxf6 12. Nd5 Qd8 13. Ne1 Be6 14. Nf4 Bf5 15. Ned3 Bd6 16. Rc1 Rc8 17. Nc5 Bxc5 18. Rxc5 Bd7 19. Qd2 Qe7 20. Rfc1 Rfd8 21. b4 a6 22. a4 Be8 23. Bh3 Ra8 24. Bg2 Rac8 25. Nd5 Qd6 26. Nf4 b6 27. R5c4 Ne7 28. Rxc8 Rxc8 29. Rxc8 Nxc8 30. Nd5 1/2-1/2

[Event "Africa-ch"]
[Site "Oran"]
[Date "2017.07.03"]
[Round "2"]
[White "Talbi, Chafik"]
[Black "Belouadah, Saad"]
[Result "1-0"]
[WhiteElo "2250"]
[BlackElo "2400"]
[PlyCount "65"]
[EventDate "2017.07.02"]
[EventType "swiss"]
[EventRounds "9"]
[EventCountry "ALG"]
[SourceTitle "CBM 179 Extra"]
[Source "ChessBase"]
[SourceDate "2017.08.23"]
[SourceVersion "1"]
[SourceVersionDate "2017.08.23"]
[SourceQuality "1"]

1. d4 Nf6 2. c4 d6 3. Nc3 g6 4. Nf3 Bg7 5. e4 0-0 6. h3 c6 7. Be3 a6 8. Be2 b5 9. Nd2 e5 10. dxe5 dxe5 11. 0-0 Be6 12. Qc2 Qe7 13. Nb3 Nbd7 14. Rfd1 Rfc8 15. a3 Rab8 16. Na5 b4 17. Na4 Bf8 18. axb4 Qxb4 19. Bd2 Qd6 20. c5 Nxc5 21. Be3 Qxd1+ 22. Bxd1 Ncxe4 23. Bf3 Bd5 24. Nb6 h6 25. Nxc8 Rxc8 26. Nc4 Re8 27. Rxa6 Ng5 28. Bxg5 hxg5 29. Bxd5 Nxd5 30. Qa4 e4 31. Rxc6 Rb8 32. Qa7 Re8 33. Qd7 1-0

[Event "Olympiad-42"]
[Site "Baku"]
[Date "2016.09.10"]
[Round "8.3"]
[White "Smith, Axel"]
[Black "Belouadah, Saad"]
[Result "0-1"]
[WhiteElo "2516"]
[BlackElo "2340"]
[PlyCount "96"]
[EventDate "2016.09.02"]
[EventType "team-swiss"]
[EventRounds "11"]
[EventCountry "AZE"]
[SourceTitle "CBM 175"]
[Source "ChessBase"]
[SourceDate "2016.11.10"]
[SourceVersion "1"]
[SourceVersionDate "2016.11.10"]
[SourceQuality "1"]
[WhiteTeam "Sweden"]
[BlackTeam "Algeria"]
[WhiteTeamCountry "SWE"]
[BlackTeamCountry "ALG"]

1. e4 d5 2. exd5 Nf6 3. d4 Nxd5 4. Nf3 g6 5. c4 Nb6 6. Nc3 Bg7 7. c5 Nd5 8. Bc4 Nf6 9. 0-0 0-0 10. Ne5 Nc6 11. Nxc6 bxc6 12. Re1 Bf5 13. Bf4 Nd5 14. Be5 Rb8 15. Qd2 e6 16. Rad1 Bxe5 17. Rxe5 Qh4 18. g3 Qf6 19. Be2 h5 20. Nxd5 cxd5 21. Re3 c6 22. b4 Rfe8 23. a4 Kg7 24. b5 Rec8 25. Qb4 Bc2 26. Rc1 Be4 27. f3 Bf5 28. b6 g5 29. a5 h4 30. g4 Bg6 31. Qd2 Qf4 32. Rd1 Re8 33. Rb3 e5 34. Qxf4 exf4 35. Kf2 Bc2 36. Rdb1 Bxb1 37. Rxb1 Re3 38. bxa7 Rxb1 39. a8Q Rb2 40. Qa6 h3 41. Ke1 Rb1+ 42. Kf2 Rb2 43. Ke1 Rb1+ 44. Kf2 Rh1 45. Bf1 Ra3 46. Qxc6 Ra2+ 47. Ke1 Rhxh2 48. Qxd5 Ra1# 0-1

[Event "Olympiad-42"]
[Site "Baku"]
[Date "2016.09.05"]
[Round "4.3"]
[White "Belouadah, Saad"]
[Black "Saeed, Ishaq"]
[Result "0-1"]
[WhiteElo "2340"]
[BlackElo "2310"]
[PlyCount "80"]
[EventDate "2016.09.02"]
[EventType "team-swiss"]
[EventRounds "11"]
[EventCountry "AZE"]
[SourceTitle "CBM 175"]
[Source "ChessBase"]
[SourceDate "2016.11.10"]
[SourceVersion "1"]
[SourceVersionDate "2016.11.10"]
[SourceQuality "1"]
[WhiteTeam "Algeria"]
[BlackTeam "United Arab Emirates"]
[WhiteTeamCountry "ALG"]
[BlackTeamCountry "UAE"]

1. d4 d5 2. c4 c6 3. cxd5 cxd5 4. Nc3 Nf6 5. Bf4 Nc6 6. e3 Bf5 7. Nf3 Rc8 8. Qb3 Na5 9. Bb5+ Bd7 10. Qa4 Rc4 11. Bxd7+ Nxd7 12. Qd1 e6 13. 0-0 Be7 14. Qd3 0-0 15. b3 Rc8 16. Na4 a6 17. Ne5 Nxe5 18. Bxe5 Nc6 19. Bg3 Nb4 20. Qd1 Qa5 21. Be5 Qb5 22. Qg4 g6 23. Qg3 Nd3 24. Bd6 Bxd6 25. Qxd6 Rc2 26. h4 h5 27. Rad1 Nb2 28. Nc5 Nxd1 29. Nd7 Rfc8 30. Rxd1 Qe2 31. Rf1 Rxa2 32. Nf6+ Kg7 33. Qe5 Qxf1+ 34. Kh2 Rxf2 35. Nxh5+ Kf8 36. Nf4 Rxf4 37. exf4 Rc1 38. Qd6+ Kg7 39. Qe5+ Kg8 40. Qb8+ Kh7 0-1

[Event "Algiers op 4th"]
[Site "Algiers"]
[Date "2016.02.22"]
[Round "2"]
[White "Belouadah, Saad"]
[Black "Toubal, Hayat"]
[Result "1-0"]
[WhiteElo "2345"]
[BlackElo "1946"]
[PlyCount "69"]
[EventDate "2016.02.21"]
[EventType "swiss"]
[EventRounds "9"]
[EventCountry "ALG"]
[SourceTitle "CBM 171 Extra"]
[Source "ChessBase"]
[SourceDate "2016.04.26"]
[SourceVersion "1"]
[SourceVersionDate "2016.04.26"]
[SourceQuality "1"]

1. d4 d5 2. c4 e6 3. Nf3 Nf6 4. g3 c6 5. Qc2 Nbd7 6. Bg2 Bb4+ 7. Bd2 Bxd2+ 8. Nbxd2 Qc7 9. Rc1 0-0 10. 0-0 Re8 11. e4 dxe4 12. Nxe4 Nxe4 13. Qxe4 Nf6 14. Qe3 Ng4 15. Qg5 Nf6 16. Rfe1 h6 17. Qe3 Qa5 18. a3 Bd7 19. Ne5 Qd8 20. Qf4 Rc8 21. Rc3 Rf8 22. Rd1 Qb6 23. b4 a5 24. Rb3 a4 25. Rbd3 Qc7 26. g4 Nh7 27. Qd2 Be8 28. Rg3 Qe7 29. Re1 Qd6 30. c5 Qc7 31. h4 f5 32. g5 f4 33. Rg4 hxg5 34. hxg5 Qe7 35. g6 1-0